[Event "Ubeda op 5th"]
[Site "Ubeda"]
[Date "2000.01.24"]
[Round "6"]
[White "Grischuk, Alexander"]
[Black "Sorokin, Maxim"]
[Result "1/2-1/2"]
[WhiteElo "2549"]
[BlackElo "2572"]
[PlyCount "107"]
[EventDate "2000.01.19"]
[EventType "swiss"]
[EventRounds "10"]
[EventCountry "ESP"]
[SourceTitle "CBM 075"]
[Source "ChessBase"]
[SourceDate "2000.04.05"]
[SourceVersion "1"]
[SourceVersionDate "2000.04.05"]
[SourceQuality "1"]

1. e4 c5 2. Nf3 e6 3. d4 cxd4 4. Nxd4 a6 5. c4 Nf6 6. Nc3 Bb4 7. Bd3 Nc6 8.
Nde2 Ne5 9. O-O O-O 10. h3 d6 11. Bf4 Ng6 12. Bh2 Qe7 13. Kh1 Rd8 14. a3 Bc5
15. b4 Ba7 16. f4 Bd7 17. e5 Ne8 18. Bxg6 hxg6 19. f5 dxe5 20. fxg6 fxg6 21.
Qc2 Nd6 22. Qxg6 Nxc4 23. Ne4 Be8 24. Qg3 Be3 25. Nf6+ Kh8 26. Qh4+ Bh6 27.
Qxc4 gxf6 28. Qh4 Qh7 29. Qxf6+ Bg7 30. Qe7 Bc6 31. Ng1 Rd2 32. Nf3 Qg6 33.
Qh4+ Kg8 34. Bg3 Bf6 35. Qg4 Qxg4 36. hxg4 Rc2 37. Rae1 Rf8 38. Bxe5 Bxe5 39.
Rxe5 Rf4 40. Rg5+ Kf8 41. Kg1 Rc3 42. Nd4 Rxf1+ 43. Kxf1 Bd5 44. Ne2 Rxa3 45.
Nf4 Rb3 46. Nxd5 exd5 47. Rxd5 Rxb4 48. g5 Rb2 49. g4 Kf7 50. Ke1 Ke6 51. g6
Rc2 52. g7 Rc8 53. Rc5 Re8 54. Kd2 1/2-1/2

[Event "Ubeda op 5th"]
[Site "Ubeda"]
[Date "2000.01.25"]
[Round "7"]
[White "Minasian, Artashes"]
[Black "Grischuk, Alexander"]
[Result "1-0"]
[WhiteElo "2598"]
[BlackElo "2549"]
[Annotator "Horn,Pe"]
[PlyCount "99"]
[EventDate "2000.01.19"]
[EventType "swiss"]
[EventRounds "10"]
[EventCountry "ESP"]
[SourceTitle "CBM 075"]
[Source "ChessBase"]
[SourceDate "2000.04.05"]
[SourceVersion "1"]
[SourceVersionDate "2000.04.05"]
[SourceQuality "1"]

1. Nf3 d5 2. g3 Nf6 3. Bg2 c6 4. d3 Bg4 5. O-O Nbd7 6. Qe1 e5 7. h3 Bh5 8. e4
dxe4 9. dxe4 a5 10. a4 Bc5 11. Nbd2 O-O 12. Nc4 Qc7 13. Nh4 Rfe8 14. Bg5 $146 {
Damit möchte Weiß h7-h6 provozieren; ohne diesen Zug wird die schwarze
Bewegungsfreiheit stark eingeschränkt, da der Nd7 nicht ziehen kann.} (14. Bd2
b6 15. Kh1 Nf8 (15... Bg6 16. b3 Bf8 17. Bc3 Nc5 18. Nxg6 hxg6 19. Qe3 $14 {
Spangenberg,H-Fiorito,F/ARG-ch 1995}) 16. Bc3 N6d7 17. f4 f6 18. f5 $2 Bd4 19.
Bd2 Bf7 20. Qe2 b5 $17 {Dannevig,O-Davies,N/Gausdal/1994}) 14... b6 15. Kh1 Qa7
{[%cal Ya7a6] Ein ungewöhnliches Manöver: Schwarz möchte den Nc4 befragen.
Andererseits steht die Qa7(bzw. a6) doch etwas abseits.} (15... h6 16. Bd2 Nf8
(16... Bf8)) 16. Nf5 Rad8 17. c3 Qa6 18. b3 Bf8 19. f3 {[%csl Rh5] Weiß
schließt den Bh5 vom Spiel aus.} h6 20. Be3 Nc5 21. Qb1 Bg6 (21... Nh7 22. Qc2
f6 23. Rad1) 22. Nh4 {Ein Abtausch auf f5 nebst etl. e5-e4 käme hier Schwarz
zugute.} Bh7 23. Qc2 Be7 24. Bf2 Nh5 25. Rfd1 b5 $5 {Schwarz versucht die Qa6
wieder ins Spiel zu bringen.} ({Naheliegend war} 25... Bxh4 26. gxh4 {z.B.} f6
(26... Nf4 $5 27. Rxd8 (27. Bf1 Qa7 28. Nd6 $140 $2 Re6) 27... Rxd8 28. Nxe5
$13 {Der Mehrbauer ist nicht so wichtig.}) 27. Bf1 Qa7 28. Nd6 {und das Fehlen
des Be7 macht sich bemerkbar.}) 26. Rxd8 (26. axb5 Qxb5 27. Rxa5 Qxb3 28. Qxb3
Nxb3 29. Rxd8 Rxd8 30. Rxe5 Bxh4 31. gxh4 Bg6 $44) 26... Rxd8 27. Nxe5 Bd6 $2 {
Die folgende Fesselung durfte Schwarz nicht zulassen.} (27... bxa4 28. bxa4 Nd3
{war kritisch:} 29. Nxd3 (29. Bf1 Nxf2+ 30. Qxf2 Qc8 $8 {[%cal Rc8c7] mit
einer spannungsreichen Stellung.}) 29... Qxd3 30. Qxd3 Rxd3 31. Be1 g5 32. Nf5
Bxf5 33. exf5 Bf6 $44) 28. Rd1 {Danach hat Schwarz keine Kompensation.} Ne6 (
28... Qb6 29. b4 Bxe5 30. bxc5 $16) 29. f4 bxa4 30. bxa4 Bxe5 31. Rxd8+ Nxd8
32. fxe5 Ne6 33. Nf5 Bg6 34. Ne7+ Kh7 35. Nxg6 fxg6 36. c4 Qc8 37. c5 Qf8 $2 ({
Wenn es noch eine Chance gab, bestand sie in} 37... Qb8 38. Qc3 Qb1+ 39. Kh2
Qa2 40. Be1 Qxa4 41. Qxa5 Qxa5 42. Bxa5 Nxc5) 38. Kg1 $18 Ng5 39. Qc3 Qc8 40.
Kh2 Qf8 41. Be1 Qf7 42. Qe3 Qe6 43. Bxa5 Qxe5 44. Bc3 Qe6 45. a5 Nf6 46. Bxf6
Qxf6 47. Qa3 Qf2 48. a6 Nxe4 49. a7 Nd2 50. Qd3 1-0

[Event "Ubeda op 5th"]
[Site "Ubeda"]
[Date "2000.01.26"]
[Round "8"]
[White "Grischuk, Alexander"]
[Black "Yandemirov, Valeri"]
[Result "1-0"]
[WhiteElo "2549"]
[BlackElo "2472"]
[Annotator "Bangiev,A"]
[PlyCount "53"]
[EventDate "2000.01.19"]
[EventType "swiss"]
[EventRounds "10"]
[EventCountry "ESP"]
[SourceTitle "CBM 075"]
[Source "ChessBase"]
[SourceDate "2000.04.05"]
[SourceVersion "1"]
[SourceVersionDate "2000.04.05"]
[SourceQuality "1"]

1. e4 e5 2. f4 exf4 3. Nf3 g5 4. h4 g4 5. Ne5 Nc6 {Eine seltene Variante.} 6.
d4 Nxe5 (6... Qf6 7. Nc3 Bb4 8. Nd3 Qxd4 9. Nxb4 Nxb4 10. Bxf4 Qxd1+ 11. Rxd1
d6 12. a3 Nxc2+ 13. Kf2 g3+ 14. Bxg3 Nf6 15. Be2 Rg8 16. Bf4 Bg4 17. Bf3 Nh5
18. Bh2 {1-0 Nunn,J-Piket,J/Monte Carlo 1995/(63)}) 7. dxe5 d6 8. Bxf4 Bg7 $5
9. Bc4 dxe5 $6 (9... Qe7 $5 10. Nc3 Bxe5 (10... dxe5 11. Bg5 f6 12. Be3 $36)
11. Nd5 Qd8 12. Bxe5 dxe5 13. O-O Be6 14. Ne3 $36) 10. Bxf7+ {[%mdl 512]} Ke7
11. Bg5+ (11. Qxd8+ Kxd8 12. Bg5+ Nf6 13. Nc3 Ke7 14. Bb3 c6 15. O-O-O $36)
11... Nf6 12. Bd5 {Kein Damentausch.} c6 13. Nc3 $5 h6 (13... cxd5 14. Nxd5+
Ke6 (14... Kf7 15. O-O $18) 15. O-O Rf8 16. Bxf6 Bxf6 17. Qxg4+ Kd6 18. Qg3 $40
) 14. Bxf6+ Bxf6 15. O-O Be6 (15... cxd5 $2 16. Nxd5+) 16. Rxf6 $3 {[%mdl 128]}
(16. Bxe6 Qxd1 17. Raxd1 Kxe6 $11) 16... Kxf6 17. Qf1+ Ke7 18. Bxe6 Qd4+ (18...
Kxe6 $2 19. Qf5+) 19. Kh1 Kxe6 20. Rd1 $18 Raf8 21. Qe2 {/\Qg4} g3 22. Rxd4
exd4 23. Qg4+ Ke7 24. Qg7+ Ke6 25. Ne2 Rhg8 26. Qxh6+ Rf6 27. Nxd4+ 1-0

[Event "Ubeda op 5th"]
[Site "Ubeda"]
[Date "2000.01.27"]
[Round "9"]
[White "Mirzoev, Azer"]
[Black "Grischuk, Alexander"]
[Result "1/2-1/2"]
[WhiteElo "2438"]
[BlackElo "2549"]
[PlyCount "26"]
[EventDate "2000.01.19"]
[EventType "swiss"]
[EventRounds "10"]
[EventCountry "ESP"]
[SourceTitle "CBM 075"]
[Source "ChessBase"]
[SourceDate "2000.04.05"]
[SourceVersion "1"]
[SourceVersionDate "2000.04.05"]
[SourceQuality "1"]

1. d4 d5 2. c4 e6 3. Nc3 c6 4. cxd5 exd5 5. Nf3 Bf5 6. Bf4 Bd6 7. Bxd6 Qxd6 8.
e3 Nf6 9. Bd3 Bxd3 10. Qxd3 Nbd7 11. O-O O-O 12. Rfc1 Rfe8 13. Qe2 Re6 1/2-1/2

[Event "Oz.com qual blitz"]
[Site "ICC INT"]
[Date "2000.03.05"]
[Round "2"]
[White "Eid, Fadi"]
[Black "Grischuk, Alexander"]
[Result "0-1"]
[WhiteElo "2389"]
[BlackElo "2581"]
[PlyCount "36"]
[EventDate "2000.03.05"]
[EventType "swiss (blitz)"]
[EventRounds "9"]
[EventCountry "USA"]
[SourceTitle "EXT 2001"]
[Source "ChessBase"]
[SourceDate "2000.11.22"]
[SourceVersion "1"]
[SourceVersionDate "2000.11.22"]
[SourceQuality "1"]

1. e4 e5 2. Nf3 Nc6 3. Bb5 a6 4. Ba4 Nf6 5. d4 exd4 6. O-O Be7 7. Re1 b5 8. e5
Nxe5 9. Rxe5 d6 10. Rg5 bxa4 11. Rxg7 c5 12. Ng5 Bg4 13. Qd3 Bh5 14. Nxh7 Qa5
15. Bd2 Qb5 16. Nxf6+ Bxf6 17. Qe4+ Kf8 18. Rg3 Re8 0-1

[Event "Oz.com qual blitz"]
[Site "ICC INT"]
[Date "2000.03.05"]
[Round "3"]
[White "Grischuk, Alexander"]
[Black "Shahade, Gregory P"]
[Result "1/2-1/2"]
[WhiteElo "2581"]
[BlackElo "2461"]
[PlyCount "141"]
[EventDate "2000.03.05"]
[EventType "swiss (blitz)"]
[EventRounds "9"]
[EventCountry "USA"]
[SourceTitle "EXT 2001"]
[Source "ChessBase"]
[SourceDate "2000.11.22"]
[SourceVersion "1"]
[SourceVersionDate "2000.11.22"]
[SourceQuality "1"]

1. e4 c5 2. Nf3 d6 3. d4 cxd4 4. Nxd4 Nf6 5. Nc3 g6 6. Be3 Bg7 7. f3 O-O 8. Qd2
Nc6 9. O-O-O d5 10. exd5 Nxd5 11. Nxc6 bxc6 12. Bd4 Nxc3 13. Qxc3 Bh6+ 14. Be3
Bxe3+ 15. Qxe3 Qb6 16. Qxe7 Be6 17. Qa3 Qf2 18. Qa5 Rab8 19. Qd2 Qc5 20. a3
Rxb2 21. Kxb2 Rb8+ 22. Qb4 Rxb4+ 23. axb4 Qxb4+ 24. Kc1 a5 25. Rd8+ Kg7 26. Bd3
a4 27. Ra8 a3 28. Rf1 a2 29. Kd1 Qb7 30. Ra4 Bf5 31. Ke2 Bxd3+ 32. cxd3 Qb3 33.
Ra8 c5 34. Kf2 Qb2+ 35. Kg1 h5 36. Re1 h4 37. h3 Kf6 38. Kh2 Qc3 39. Rd1 Qe5+
40. Kh1 Qb2 41. Re1 Kg7 42. Kh2 Qc3 43. Rd1 Qe5+ 44. Kh1 Qb2 45. Re1 Kh6 46.
Kh2 f5 47. f4 Qc3 48. Rd1 Qd4 49. Kh1 c4 50. Ra4 Qxf4 51. dxc4 g5 52. Ra6+ Kh5
53. Rd7 Qf1+ 54. Kh2 Qf4+ 55. Kh1 Qc1+ 56. Kh2 Qf4+ 57. Kh1 Qf1+ 58. Kh2 Qf4+
59. Kh1 Qc1+ 60. Kh2 g4 61. hxg4+ Kxg4 62. Rxa2 Qf4+ 63. Kh1 Qe4 64. Rad2 Qe1+
65. Kh2 Qg3+ 66. Kh1 Qe1+ 67. Kh2 Qg3+ 68. Kh1 Qe1+ 69. Kh2 Qg3+ 70. Kh1 Qe1+
71. Kh2 1/2-1/2

[Event "Oz.com qual blitz"]
[Site "ICC INT"]
[Date "2000.03.05"]
[Round "4"]
[White "Halkias, Stelios"]
[Black "Grischuk, Alexander"]
[Result "1-0"]
[WhiteElo "2482"]
[BlackElo "2581"]
[PlyCount "153"]
[EventDate "2000.03.05"]
[EventType "swiss (blitz)"]
[EventRounds "9"]
[EventCountry "USA"]
[SourceTitle "EXT 2001"]
[Source "ChessBase"]
[SourceDate "2000.11.22"]
[SourceVersion "1"]
[SourceVersionDate "2000.11.22"]
[SourceQuality "1"]

1. d4 Nf6 2. c4 g6 3. Nc3 Bg7 4. e4 d6 5. Nf3 O-O 6. Be2 e5 7. Be3 Ng4 8. Bg5
f6 9. Bh4 Nc6 10. d5 Ne7 11. Nd2 h5 12. h3 Nh6 13. g4 hxg4 14. hxg4 Nf7 15. Qb3
c5 16. Nd1 Bd7 17. Qxb7 Rb8 18. Qa6 Nc8 19. Qa3 Bh6 20. Qc3 Kg7 21. Bg3 Rh8 22.
Rg1 Ne7 23. Ne3 Bf4 24. O-O-O Ng5 25. Kb1 a5 26. Ka1 a4 27. f3 Bxg3 28. Rxg3
Rh2 29. Rg2 Rh3 30. Rf1 Ng8 31. Nd1 Nh6 32. Nf2 Rh4 33. Nd3 Nhf7 34. Rgg1 Qc7
35. Rh1 Rbh8 36. Qc1 Qd8 37. Qe1 Rh2 38. Nb1 R8h3 39. Rxh2 Rxh2 40. Nc3 Qh8 41.
Nb5 Qh3 42. a3 f5 43. gxf5 gxf5 44. Rg1 Kf6 45. exf5 Bxf5 46. f4 Bxd3 47. fxg5+
Kg6 48. Bxd3+ Qxd3 49. Qf1 Qxf1+ 50. Rxf1 e4 51. Rf6+ Kg7 52. Re6 Nxg5 53. Re7+
Kf6 54. Re8 Kf5 55. Nxd6+ Kf4 56. Rf8+ Ke5 57. Nb5 e3 58. Re8+ Kf4 59. Nc3 Rh1+
60. Ka2 Nf3 61. Re4+ Kf5 62. Rxe3 Nd2 63. Rd3 Nxc4 64. d6 Rh8 65. d7 Rd8 66.
Nxa4 Ke6 67. Nxc5+ Ke7 68. b4 Ne5 69. Rd5 Nc6 70. Kb3 Ra8 71. a4 Rb8 72. b5
Na5+ 73. Kb4 Nc6+ 74. Kc3 Na5 75. d8=Q+ Rxd8 76. Rxd8 Kxd8 77. Kb4 1-0

[Event "Oz.com qual blitz"]
[Site "ICC INT"]
[Date "2000.03.05"]
[Round "6"]
[White "Thorhallsson, Throstur"]
[Black "Grischuk, Alexander"]
[Result "0-1"]
[WhiteElo "2489"]
[BlackElo "2581"]
[PlyCount "96"]
[EventDate "2000.03.05"]
[EventType "swiss (blitz)"]
[EventRounds "9"]
[EventCountry "USA"]
[SourceTitle "EXT 2001"]
[Source "ChessBase"]
[SourceDate "2000.11.22"]
[SourceVersion "1"]
[SourceVersionDate "2000.11.22"]
[SourceQuality "1"]

1. e4 e5 2. Nf3 Nc6 3. d4 exd4 4. Nxd4 Bc5 5. Be3 Qf6 6. c3 Nge7 7. Bc4 b6 8.
O-O Bb7 9. Nc2 Ne5 10. Bxc5 bxc5 11. Bd5 Nxd5 12. exd5 O-O 13. Ne3 Ba6 14. Re1
Rfe8 15. Na3 Rab8 16. b3 Nd3 17. Re2 Qxc3 18. Nac4 Bxc4 19. bxc4 Nb2 20. Qc2
Qxc2 21. Rxc2 Nd3 22. Rd1 Nb4 23. Rb2 d6 24. Rdb1 Rb6 25. a3 Nd3 26. Rxb6 axb6
27. Rb3 Nc1 28. Rb1 Ne2+ 29. Kf1 Nd4 30. a4 f5 31. g3 Kf7 32. Ke1 g5 33. Kd2 f4
34. gxf4 gxf4 35. Nd1 Re2+ 36. Kd3 Ra2 37. Nc3 Rxf2 38. a5 bxa5 39. Rb7 Rxh2
40. Rxc7+ Kg6 41. Ne4 f3 42. Rc6 Nxc6 43. dxc6 f2 44. Ke2 Rh4 45. Nxd6 Rf4 46.
Kf1 a4 47. c7 Rf8 48. Nb7 a3 0-1

[Event "Oz.com qual blitz"]
[Site "ICC INT"]
[Date "2000.03.05"]
[Round "8"]
[White "Zapata, Alonso"]
[Black "Grischuk, Alexander"]
[Result "1/2-1/2"]
[WhiteElo "2457"]
[BlackElo "2581"]
[PlyCount "137"]
[EventDate "2000.03.05"]
[EventType "swiss (blitz)"]
[EventRounds "9"]
[EventCountry "USA"]
[SourceTitle "EXT 2001"]
[Source "ChessBase"]
[SourceDate "2000.11.22"]
[SourceVersion "1"]
[SourceVersionDate "2000.11.22"]
[SourceQuality "1"]

1. e4 e5 2. Nf3 Nc6 3. Bb5 a6 4. Ba4 Nf6 5. d4 exd4 6. O-O Be7 7. Re1 b5 8. Bb3
d6 9. Bd5 Bb7 10. Nxd4 Nxd5 11. Nxc6 Bxc6 12. exd5 Bb7 13. a4 Qd7 14. axb5 axb5
15. Rxa8+ Bxa8 16. Nc3 O-O 17. Nxb5 Bf6 18. c4 c6 19. Nc3 Bxc3 20. bxc3 cxd5
21. cxd5 Qb5 22. Bf4 Bxd5 23. Bxd6 Rc8 24. Be5 Qc6 25. Bd4 Re8 26. Rxe8+ Qxe8
27. f3 Qe6 28. Qd2 h6 29. Kf2 Qd6 30. g3 Qe6 31. Qf4 Qh3 32. g4 Qh4+ 33. Kg2
Qe1 34. Qe3 Qd1 35. Kg3 f6 36. h4 Qh1 37. h5 Qd1 38. Qf2 Kf7 39. Qe3 Qf1 40.
Bc5 Qd1 41. Bd4 Qf1 42. Bc5 Qd1 43. Qe7+ Kg8 44. Qe8+ Kh7 45. Qg6+ Kg8 46. Qf5
Qe1+ 47. Bf2 Qe6 48. Qd3 Bc4 49. Qd4 Bd5 50. Be3 Qd6+ 51. Bf4 Qe6 52. Qd2 Kf7
53. Qd3 Kg8 54. Be3 Qe5+ 55. Kg2 Qe6 56. Kf2 Qe5 57. Bf4 Qe6 58. Qd4 Bc4 59.
Qe3 Qxe3+ 60. Kxe3 Kf7 61. Bd6 Bb3 62. Bb4 Ke6 63. Kf4 Bc4 64. Ke4 Bb3 65. f4
Bc2+ 66. Ke3 Bd1 67. f5+ Ke5 68. Bf8 Bxg4 69. Bxg7 1/2-1/2

[Event "Oz.com qual blitz"]
[Site "ICC INT"]
[Date "2000.03.05"]
[Round "9"]
[White "Grischuk, Alexander"]
[Black "Szmetan, Jorge"]
[Result "1-0"]
[WhiteElo "2581"]
[BlackElo "2401"]
[PlyCount "61"]
[EventDate "2000.03.05"]
[EventType "swiss (blitz)"]
[EventRounds "9"]
[EventCountry "USA"]
[SourceTitle "EXT 2001"]
[Source "ChessBase"]
[SourceDate "2000.11.22"]
[SourceVersion "1"]
[SourceVersionDate "2000.11.22"]
[SourceQuality "1"]

1. e4 Nf6 2. e5 Nd5 3. d4 d6 4. Nf3 Bg4 5. Be2 c6 6. c4 Nb6 7. Nbd2 N8d7 8. O-O
Bxf3 9. Nxf3 dxe5 10. dxe5 e6 11. Bd2 Nc5 12. Qc2 Be7 13. b4 Ncd7 14. Qe4 Qc7
15. Bc3 Na4 16. Bd2 O-O 17. Bd1 Nab6 18. Bc2 g6 19. h4 Rfd8 20. h5 Nf8 21. Rad1
Rd7 22. hxg6 hxg6 23. g3 Rad8 24. Kg2 a6 25. Rh1 f5 26. exf6 Bxf6 27. Bf4 Qc8
28. Rxd7 Rxd7 29. Ne5 Rd8 30. Nxg6 Rd4 31. Ne7+ 1-0

[Event "Reykjavik op 19th"]
[Site "Reykjavik"]
[Date "2000.04.05"]
[Round "1"]
[White "Nyysti, Sampsa"]
[Black "Grischuk, Alexander"]
[Result "0-1"]
[WhiteElo "2224"]
[BlackElo "2581"]
[PlyCount "74"]
[EventDate "2000.04.05"]
[EventType "swiss"]
[EventRounds "9"]
[EventCountry "ISL"]
[SourceTitle "CBM 075 Extra"]
[Source "ChessBase"]
[SourceDate "2000.05.11"]
[SourceVersion "2"]
[SourceVersionDate "2000.05.11"]
[SourceQuality "1"]

1. e4 c5 2. Nf3 Nc6 3. Bb5 d6 4. Bxc6+ bxc6 5. O-O e5 6. c3 f5 7. exf5 Nf6 8.
d4 e4 9. Re1 Bxf5 10. dxc5 dxc5 11. Qxd8+ Rxd8 12. Ne5 Rd6 13. Nc4 Re6 14. Bf4
Be7 15. Nbd2 O-O 16. Ne3 Bg6 17. Ndc4 Nd5 18. Bg3 Bh5 19. Na5 Nxe3 20. fxe3 Rd8
21. Rf1 Be2 22. Rf2 Bd3 23. Rd1 c4 24. Rf5 Rd5 25. Rxd5 cxd5 26. b4 d4 27. cxd4
Bxb4 28. d5 Rf6 29. Nc6 Bd2 30. Be5 Bxe3+ 31. Kh1 Rf7 32. d6 Bb6 33. Bd4 e3 34.
Bxb6 e2 35. Rg1 axb6 36. Nd4 Kf8 37. h3 Rf1 0-1

[Event "Reykjavik op 19th"]
[Site "Reykjavik"]
[Date "2000.04.07"]
[Round "3"]
[White "Conquest, Stuart"]
[Black "Grischuk, Alexander"]
[Result "1/2-1/2"]
[WhiteElo "2563"]
[BlackElo "2581"]
[PlyCount "67"]
[EventDate "2000.04.05"]
[EventType "swiss"]
[EventRounds "9"]
[EventCountry "ISL"]
[SourceTitle "CBM 075 Extra"]
[Source "ChessBase"]
[SourceDate "2000.05.11"]
[SourceVersion "2"]
[SourceVersionDate "2000.05.11"]
[SourceQuality "1"]

1. d4 d5 2. Bg5 h6 3. Bh4 c5 4. dxc5 Nc6 5. c3 g5 6. Bg3 e6 7. Nd2 Bxc5 8. h4
g4 9. e4 Nf6 10. e5 Nh5 11. Qxg4 Nxg3 12. Qxg3 Qc7 13. Ngf3 Bd7 14. Bb5 O-O-O
15. Nb3 Bb6 16. Bxc6 bxc6 17. Qf4 f5 18. c4 Rdg8 19. c5 Ba5+ 20. Kf1 Rg4 21.
Qe3 Qb7 22. Nxa5 Qb5+ 23. Kg1 Qxa5 24. b3 Rhg8 25. Nh2 Re4 26. Qc1 Qb4 27. a3
Qb5 28. b4 Qe2 29. Qd1 Qb2 30. h5 Be8 31. Qc1 Qe2 32. Qd1 Qb2 33. Qc1 Qe2 34.
Qd1 1/2-1/2

[Event "Reykjavik op 19th"]
[Site "Reykjavik"]
[Date "2000.04.09"]
[Round "5"]
[White "Timman, Jan H"]
[Black "Grischuk, Alexander"]
[Result "1/2-1/2"]
[WhiteElo "2655"]
[BlackElo "2581"]
[PlyCount "120"]
[EventDate "2000.04.05"]
[EventType "swiss"]
[EventRounds "9"]
[EventCountry "ISL"]
[SourceTitle "CBM 075 Extra"]
[Source "ChessBase"]
[SourceDate "2000.05.11"]
[SourceVersion "2"]
[SourceVersionDate "2000.05.11"]
[SourceQuality "1"]

1. e4 e5 2. Nf3 Nc6 3. Bb5 a6 4. Bxc6 dxc6 5. O-O f6 6. d4 Bg4 7. dxe5 Qxd1 8.
Rxd1 fxe5 9. Nbd2 O-O-O 10. Re1 Bd6 11. h3 Bh5 12. Nh4 Bf7 13. Ndf3 g6 14. b3
h6 15. Bb2 Re8 16. c4 c5 17. Nh2 Rh7 18. Ng4 h5 19. Ne3 Ne7 20. Nd5 Rh6 21.
Nxe7+ Bxe7 22. Nf3 Bf6 23. h4 Rh7 24. g3 Bg8 25. Kg2 Rd7 26. Rac1 b6 27. Rc2
Kb7 28. Ng5 Bxg5 29. hxg5 Kc6 30. Re3 Rd6 31. f4 exf4 32. gxf4 Be6 33. Rf2 Bg4
34. Be5 Rd1 35. Kg3 Rg1+ 36. Kh2 Rd1 37. Bc3 Re7 38. Rd2 Rxd2+ 39. Bxd2 Rd7 40.
Be1 Kd6 41. Rd3+ Ke6 42. Rxd7 Kxd7 43. Kg3 Ke6 44. Bc3 Be2 45. Kh4 Bf3 46. f5+
gxf5 47. e5 f4 48. g6 Bg4 49. Kg5 f3 50. g7 Kf7 51. Kh6 f2 52. Kh7 f1=Q 53.
g8=Q+ Ke7 54. Qg5+ Ke8 55. Qf6 Qf5+ 56. Kh6 Kd7 57. Be1 Qe6 58. Bh4 b5 59. Kg7
Kc6 60. Bf2 bxc4 1/2-1/2

[Event "New York op"]
[Site "New York"]
[Date "2000.05.07"]
[Round "5"]
[White "Maki Uuro, Miika"]
[Black "Grischuk, Alexander"]
[Result "0-1"]
[WhiteElo "2341"]
[BlackElo "2581"]
[PlyCount "106"]
[EventDate "2000.05.05"]
[EventType "swiss"]
[EventRounds "9"]
[EventCountry "USA"]
[SourceTitle "CBM 076 Extra"]
[Source "ChessBase"]
[SourceDate "2000.07.11"]
[SourceVersion "1"]
[SourceVersionDate "2000.07.11"]
[SourceQuality "1"]

1. e4 e5 2. f4 exf4 3. Nc3 Qh4+ 4. Ke2 d5 5. Nxd5 Bg4+ 6. Nf3 Bd6 7. d4 Nc6 8.
c3 O-O-O 9. Kd2 Qh6 10. Kc2 Nf6 11. Nxf6 Qxf6 12. Bd3 Rhe8 13. Bd2 g5 14. Qf1
Qg7 15. b4 Bxb4 16. cxb4 Bxf3 17. gxf3 Qxd4 18. Rd1 Nxb4+ 19. Bxb4 Qxb4 20. Qe1
Qa3 21. Bc4 Qxf3 22. Rxd8+ Kxd8 23. Bd5 c6 24. Rf1 Qh3 25. Bxf7 Qg2+ 26. Kc1
Re5 27. Rg1 Rc5+ 28. Kb1 Qc2+ 29. Ka1 h6 30. h4 f3 31. Qd1+ Qxd1+ 32. Rxd1+ Ke7
33. Bh5 f2 34. Rf1 gxh4 35. Bf3 Rc2 36. Kb1 Rd2 37. Kc1 Rxa2 38. Kb1 Ra3 39.
Rxf2 h3 40. Kb2 Re3 41. Bg4 Rxe4 42. Bxh3 a5 43. Rd2 c5 44. Rd7+ Kf6 45. Rxb7
Rb4+ 46. Rxb4 cxb4 47. Kb3 h5 48. Ka4 h4 49. Bd7 Ke5 50. Bc8 Ke4 51. Be6 Kf4
52. Bd5 h3 53. Kxa5 Ke5 0-1

[Event "New York op"]
[Site "New York"]
[Date "2000.05.09"]
[Round "7"]
[White "Nielsen, Peter Heine"]
[Black "Grischuk, Alexander"]
[Result "1/2-1/2"]
[WhiteElo "2564"]
[BlackElo "2581"]
[PlyCount "32"]
[EventDate "2000.05.05"]
[EventType "swiss"]
[EventRounds "9"]
[EventCountry "USA"]
[SourceTitle "CBM 076 Extra"]
[Source "ChessBase"]
[SourceDate "2000.07.11"]
[SourceVersion "1"]
[SourceVersionDate "2000.07.11"]
[SourceQuality "1"]

1. d4 d5 2. c4 e6 3. Nf3 c6 4. Qc2 Nf6 5. Nbd2 dxc4 6. Nxc4 c5 7. dxc5 Bxc5 8.
g3 b6 9. Bg2 Bb7 10. O-O O-O 11. Bg5 Nbd7 12. Rfd1 Qc8 13. Rac1 Be4 14. Qd2 Qa6
15. b3 Bd5 16. Be3 Rfd8 1/2-1/2

[Event "New York op"]
[Site "New York"]
[Date "2000.05.10"]
[Round "8"]
[White "Grischuk, Alexander"]
[Black "Kaidanov, Gregory S"]
[Result "1-0"]
[WhiteElo "2581"]
[BlackElo "2599"]
[PlyCount "71"]
[EventDate "2000.05.05"]
[EventType "swiss"]
[EventRounds "9"]
[EventCountry "USA"]
[SourceTitle "CBM 076 Extra"]
[Source "ChessBase"]
[SourceDate "2000.07.11"]
[SourceVersion "1"]
[SourceVersionDate "2000.07.11"]
[SourceQuality "1"]

1. e4 e6 2. d4 d5 3. e5 c5 4. c3 Nc6 5. Nf3 Bd7 6. Be2 Nge7 7. Na3 cxd4 8. cxd4
Nf5 9. Nc2 Be7 10. O-O h5 11. Rb1 Qb6 12. b4 a5 13. a3 axb4 14. axb4 Ra2 15. b5
Na7 16. Bd3 Qa5 17. Ne3 Nxe3 18. Bxe3 Bxb5 19. Bd2 Qa6 20. Rxb5 Nxb5 21. Qb1
O-O 22. Bxb5 Qa3 23. Bc1 Qa5 24. Bg5 Bb4 25. Be3 Ra8 26. Ng5 g6 27. Bd3 Ra1 28.
Qc2 Be7 29. h4 Rxf1+ 30. Bxf1 Qe1 31. Bd2 Qa1 32. Nxe6 Re8 33. Nf4 Qxd4 34. e6
Qe4 35. exf7+ Kxf7 36. Bd3 1-0

[Event "Lausanne YM"]
[Site "Lausanne"]
[Date "2000.05.30"]
[Round "1.1"]
[White "Grischuk, Alexander"]
[Black "Fressinet, Laurent"]
[Result "1-0"]
[WhiteElo "2581"]
[BlackElo "2501"]
[Annotator "Ftacnik,L"]
[PlyCount "65"]
[EventDate "2000.05.30"]
[EventType "k.o."]
[EventRounds "3"]
[EventCountry "SUI"]
[SourceTitle "CBM 078"]
[Source "ChessBase"]
[SourceDate "2000.10.18"]
[SourceVersion "1"]
[SourceVersionDate "2000.10.18"]
[SourceQuality "1"]

1. e4 c5 2. Nf3 d6 3. d4 cxd4 4. Nxd4 Nf6 5. Nc3 a6 6. f3 e5 7. Nb3 Be6 8. Be3
Nbd7 9. g4 b5 10. g5 Nh5 11. Qd2 Be7 12. O-O-O Nb6 13. Nd5 Nxd5 14. exd5 Bd7
15. Na5 O-O 16. Kb1 f6 $6 (16... Rc8 $1) 17. gxf6 Rxf6 (17... Nxf6 18. Rg1 $14)
18. Nc6 $1 {[%mdl 32] The dream situation for the knight, that has been
fullfiling two purposes on a5. The blockade of pawn advance on the queenside
was supplemented with a hope to jump to the c6 square. Black pieces are so
badly coordinated, that he can has problem to win white c pawn.} Bxc6 (18...
Qe8 19. Nxe7+ Qxe7 20. Bg5 $16) 19. dxc6 Qc7 (19... d5 20. c7 $1 Qd6 21. Bh3
$18) 20. Bg5 Rg6 (20... Qxc6 21. Bxf6 Nxf6 22. Bh3 $16) 21. Bxe7 Qxe7 22. Qa5
Qe8 (22... Ra7 23. c4 $16) 23. c7 Nf4 24. c4 b4 (24... bxc4 25. Bxc4+ Kh8 26.
Rc1 $18) (24... Rc8 25. cxb5 axb5 26. Bxb5 Qe7 27. Rc1 $16) 25. c5 d5 (25...
Qd7 26. cxd6 Rxd6 27. Rxd6 Qxd6 28. Bc4+ Kh8 29. Bxa6 $18) 26. Bc4 $1 {White
decides the issue with the direct attack against d5 pawn. His strong c7 pawn
is giving him additional tactical chances.} Qf7 (26... dxc4 27. Rd8 $18) 27. c6
Rd6 (27... Rxc6 28. Rxd5 $1 Qg6+ 29. Ka1 Rxc4 30. Rd8+ Kf7 31. Rxa8 Qc2 32.
c8=Q $18) 28. Qxa6 Qe8 (28... Rxa6 29. c8=Q+ Qf8 30. Qxf8+ Kxf8 31. Bxa6 $18) (
28... Qf5+ 29. Bd3 Qf8 30. Qb7 $16) 29. Qb7 Qxc6 30. Qxc6 Rxc6 31. Rxd5 $1 Rxc4
32. Rd8+ Kf7 33. Rc1 $1 1-0